| 000 | 01263nam a22003617a 4500 | ||
|---|---|---|---|
| 003 | CHAP | ||
| 005 | 20220817044525.0 | ||
| 008 | 120528s2011 it a rn 00010 eng d | ||
| 010 | _a103232 | ||
| 011 | _a104204 | ||
| 020 | _a9789251070284 | ||
| 035 | _a114894 | ||
| 040 | _cCHAP | ||
| 082 | 0 | 4 |
_a636.08 _bF21yMan. v.12 |
| 110 | 2 | _aFAO | |
| 245 | 1 | 0 |
_aInvestigating the role of bats in emerging zoonoses : _bbalancing ecology, conservation and public health interest _c/editado por Scott H. Newman ...[et al.] |
| 260 |
_aRome : _bFAO, _c2010 |
||
| 300 |
_axii, 169 p. : _bilus. |
||
| 490 | 0 |
_aFAO. Producción y sanidad animal. Manual _v; 12 |
|
| 590 |
_aBATCH-UPD _b10 _c20130110 _lUCH01 _h1021 |
||
| 590 |
_aBATCH-UPD _b10 _c20130410 _lUCH01 _h0626 |
||
| 590 |
_aBATCH-UPD _b10 _c20130914 _lUCH01 _h1421 |
||
| 590 |
_aCONVERSION _b10 _c20130109 _lUCH01 _h1357 |
||
| 650 | 1 | 4 |
_aMurciélagos. _979731 |
| 650 | 1 | 4 |
_aSalud pública. _9101813 |
| 650 | 1 | 4 |
_aSanidad animal. _9102221 |
| 650 | 1 | 4 |
_aZoonosis. _9124194 |
| 700 | 1 |
_aNewman, Scott H. _e, ed. _981092 |
|
| 830 | 0 |
_aFAO. Producción y sanidad animal. Manual _v; 12 _939661 |
|
| 901 | _aBK | ||
| 942 | _cLIBRO | ||
| 949 |
_a636.08 F21yMan. v.12 _bBC _cFAO _d33724002332306 _eFAO1 _gDonaciØn _h116689 _i114894 _sb |
||
| 999 |
_c103232 _d103232 |
||